| 000 | 00575nam a2200181Ia 4500 | ||
|---|---|---|---|
| 003 | GCL | ||
| 008 | 140319s9999 xx 000 0 ara d | ||
| 040 |
_aGCL / _cGCL |
||
| 082 | 0 | 4 |
_a891.7 _bس ق |
| 100 | 1 | _aساريخانوف، نورمراد | |
| 245 | 1 | 0 |
_aقصص لكتاب الشرق السوفيتى / _cساريخانوف، نورمراد |
| 700 | 1 | _aريتغو، يورى | |
| 300 | _a156 ص | ||
| 490 |
_aقصص سوفيتية _v0 |
||
| 650 | 0 | 4 | _aالقصص الروسية المترجمة |
| 650 | 0 | 4 | _aالادب الروسى المترجم |
| 942 |
_2ddc _cBK |
||
| 999 |
_c47398 _d47398 |
||